000 00423nam a22001697a 4500
003 OSt
005 20211202104208.0
008 211202b |||||||| |||| 00| 0 eng d
020 _a0534083285
040 _cHU
082 _a657
100 _aWOLK I . HARRY
_921466
245 _aACCOUNTING THEORY A CONSEPUTUAL AND INSTITIUTIONAL APPEROCH
260 _aNEW YORK
_bBOSTEN
_c1984
300 _a595
942 _2ddc
_cBOOKS
_n0
999 _c21109
_d21109